00925nam a2200205Ia 4500003000900000008004100009020001800050040001600068080002200084100002400106111011300130245027000243260003600513300001400549490005600563650004100619650001600660650002100676650002200697IN-BaIIA211028s9999 xx 000 0 eng d a0-902553-29-1 cIIA Library a524.572(063)bLAB aWolstencroft, R. D. aWorkshop on Laboratory and Observational Infrared Spectra of Interstellar DustcHilo, Hawaid1983 July 18-20 0aLaboratory and observational infrared spectra of interstellar dustbproceedings of the workshop on Laboratory and observational infrared spectra of interstellar dust held in, Hilo, Hawai, 18-20 July 1983cWolstencroft, R. D  aHawaiibRoyal Observatoryc1984 avi, 174p. aOccasional reports of the Royal Observatory; no. 12 aAstronomy and astrophysics thesaurus aCosmic dust aInfrared spectra aInterstellar dust